Statistics for Ethnicities of Romania

Click here to take the quiz!

General Stats

  • This quiz has been taken 216 times
  • The average score is 6 of 15

Answer Stats

PopulationEthnicities% Correct
621,573Romani
100%
16,792,868Romanians
52%
1,227,623Hungarians
50%
50,920Ukrainians
49%
36,042Germans
48%
23,864Russians
48%
7,366Bulgarians
45%
27,698Turks
43%
3,668Greeks
39%
18,076Serbs
35%
13,654Slovaks
32%
2,477Czechs
29%
5,408Croats
25%
3,271Jews
25%
20,282Tatars
22%

Score Distribution

Percentile by Number Answered

Percent of People with Each Score

Your Score History

You have not taken this quiz